عرض عادي
عرض مارك
- Thee, Marek,
دخول Personal Name
001 - CONTROL NUMBER
- control field: 31028
003 - CONTROL NUMBER IDENTIFIER
- control field: AE-AdECS
005 - DATE AND TIME OF LATEST TRANSACTION
- control field: 20260701070506.0
008 - FIXED-LENGTH DATA ELEMENTS
- fixed length control field: 260701|| aca||aabn | a|a d
040 ## - CATALOGING SOURCE
- Original cataloging agency: AE-AdECS
- Transcribing agency: AE-AdECS
100 ## - HEADING--PERSONAL NAME
- Personal name: Thee, Marek,
- Dates associated with a name: 1918-1999
670 ## - SOURCE DATA FOUND
- Source citation: Work cat.: (AE-AdECS)295565: Thee, Marek, 1918-1999, author., Military technology, military strategy and the arms race /
